| 000 | 01081nam a22003497a 4500 | ||
|---|---|---|---|
| 001 | BR7506302 | ||
| 003 | BR-BrBNA | ||
| 005 | 20230928084838.0 | ||
| 007 | ta | ||
| 008 | 230509b bl.||||| |||| 00| 0 por d | ||
| 040 |
_aBR-BrBNA _bpor _cBiblioteca Nacional de Agricultura |
||
| 041 | _a(Por) | ||
| 072 |
_aE10; F00 _b0180 _b/G514 |
||
| 090 | _ 0180 BR7506302 | ||
| 100 | 1 | _aHoffmann, H.L. | |
| 100 | 1 | _aKaick, G. van | |
| 100 | 1 | _aTrombeta, N.V. | |
| 100 | 1 | _aHammerschmidt, B. | |
| 100 | 1 | _aSteindorf, R. | |
| 110 | 1 | _aOrganizacao das Cooperativas do Estado do Parana, Curitiba (Brasil); | |
| 110 | 1 |
_aSecretaria da Agricultura, Curitiba, PR (Brasil); _98367 |
|
| 110 | 1 | _aAssociacao de Credito e Assistencia Rural do Parana, Curitiba (Brasil) | |
| 245 | 1 | _aPrevisao do custo de producao do trigo. Estado do Parana. Safra 1974 [Brasil] | |
| 260 | 3 |
_aCuritiba, PR (Brasil): _c1974. |
|
| 300 | _a41 p. | ||
| 500 | _a25 tables | ||
| 650 | _aCUSTO DE PRODUCAO | ||
| 650 | _aTRIGO | ||
| 650 | _aPARANA | ||
| 909 |
_a202309 _bLucia _c55 _dLucia Elande |
||
| 942 | _cBK | ||
| 999 |
_c21426 _d21426 |
||